000 00316nam a22001337a 4500
008 181218b xxu||||| |||| 00| 0 eng d
020 _a9780716722502
041 _aeng
080 _a311
100 _a55
101 _astA
245 _aIntroduction To The Practics Of Statistics
_cMoore.D.S
942 _2udc
_cBK
999 _c53376
_d53376